000
00279nam a2200109Ia 4500
008
190914s9999||||xx |||||||||||||| ||und||
100
_a
Safdar Ali Najmi
245
0
_a
Quaid-e-Azam Ka Tasawur Taleem aur Pakistan
260
_a
Karachi
_b
Muzaffar
_c
2000
300
_a
528
942
_c
BK
999
_c
9775
_d
9775